00578nam a2200193Ia 4500008004100000020001500041082001700056100002300073245002400096250000800120260003600128300003000164500000700194600002700201650001500228942000700243952011900250999001500369240925s9999 xx 000 0 und d a8177583549 a621.3815 FLO aBoydell, Toby B.J. 0aElectronic Devices  a6th aNew York:bMc Graw HIllc,2002. axxvii,530p.bNAfOriginal aNA aElectrical Engineering aTechnology cBK 001040708ELaUITUbUITUd2007-01-26eF.B.Cg550.00l0o621.3815 FLOpQ6896r2024-09-25 07:14:24w2024-09-25yBK c9395d9395